| 000 | 01199nam0a22002891 4500 | ||
|---|---|---|---|
| 001 | rc\4273361 | ||
| 005 | 20180321145402.0 | ||
| 021 |
_aRU _b[60-64551] |
||
| 035 | _a(NLR Aleph) 008490232 | ||
| 090 |
_a8045294 _c8045294 |
||
| 100 | _a20130416d1960 |||y0rusy50 ca | ||
| 101 | 0 | _arus | |
| 102 | _aRU | ||
| 105 | _aa z ||||| | ||
| 200 | 1 |
_aНепрерывно действующие аппараты в крахмало-паточной промышленности _fГос. науч.-техн. ком. Совета Министров СССР |
|
| 210 |
_aМосква _cЦИНТИПищепром _d1960 |
||
| 215 |
_a40 с., 1 л. схем. _cчерт. _d20 |
||
| 300 | _aНа обл. авт. не указаны | ||
| 606 |
_aКрахмало-паточное производство _xМеханизация _2psbo |
||
| 700 | 1 |
_aБурман _bМ. Е. _f1902-1970 _gМарк Ефимович |
|
| 701 | 1 |
_aСолнцева _bН. В. _cинженер, крахмало-паточ. пром-сть _gНина Васильевна _3RU\NLR\AUTH\770186148 |
|
| 801 | 0 |
_aRU _bNLR _gpsbo |
|
| 801 | 1 |
_aRU _bELAR _2rusmarc |
|
| 852 |
_aNLR _j60-4/12157 |
||
| 942 | _cBOOK | ||
| 980 | _aNB | ||